In the time of the others /

Bibliographic Details
Main Author: Zaman, Nadeem
Format: Book
Language:English
Published: New Delhi : Pan Macmillan Publishing, c2018
Subjects:
Classic Catalogue: View this record in Classic Catalogue
LEADER 01147nam a22002537a 4500
001 34180
003 BD-DhAAL
005 20190120150229.0
008 190120t2018 ii ||||| |||| 00| 0 eng d
999 |c 40416  |d 40416 
020 |a 9789386215420 
082 |a 954.9205  |2 22 
100 |a Zaman, Nadeem  |9 29640 
245 |a In the time of the others /  |c Nadeem Zaman 
260 |a New Delhi :  |b Pan Macmillan Publishing,  |c c2018 
300 |a 312 pages ;  |c 23 cm 
526 |a ENH 
541 |a Book Worm  |e 34180, 34181 
651 |a Bangladesh  |x History  |y Revolution, 1971  |9 29641 
651 |a বাংলাদেশ  |x ইতিহাস  |y মুক্তিযুদ্ধ, ১৯৭১  |9 29642 
852 |a Ayesha Abed Library  |c Bangabandhu Corner 
942 |2 ddc  |c BK 
952 |0 0  |1 0  |2 ddc  |4 0  |6 954_920500000000000_ZAM  |7 0  |9 64966  |a BRACUL  |b BRACUL  |c BNC  |d 2019-01-20  |e Book Worm  |g 1019.15  |l 3  |m 1  |o 954.9205 ZAM  |p 3010034180  |r 2019-11-07  |s 2019-11-04  |t 1  |v 1199.00  |w 2019-01-20  |y BK 
952 |0 0  |1 0  |2 ddc  |4 0  |6 954_920500000000000_ZAM  |7 0  |9 64967  |a BRACUL  |b BRACUL  |c BNC  |d 2019-01-20  |e Book Worm  |g 1019.15  |l 4  |m 1  |o 954.9205 ZAM  |p 3010034181  |r 2022-08-25  |s 2022-07-07  |t 2  |v 1199.00  |w 2019-01-20  |y BK